LEADER 01152cam0-22003611i-450- 001 990007825450403321 005 20121204094147.0 010 $a88-464-3981-3 035 $a000782545 035 $aFED01000782545 035 $a(Aleph)000782545FED01 035 $a000782545 100 $a20030916d2002----km-y0itay50------ba 101 0 $aita 102 $aIT 105 $ay-------001yy 200 1 $aTecniche di management sanitario$estrategia, organizzazione, programmazione, controllo e miglioramento della qualità dei servizi per gestire il cambiamento della sanità$fEugenio Vignati, Paolo Bruno 210 $aMilano$cFrancoAngeli$d©2002 215 $a256 p.$d23 cm 225 1 $aAzienda moderna$v488 610 0 $aOspedali$aGestione 676 $a353.6$v21$zita 700 1$aVignati,$bEugenio$0383050 701 1$aBruno,$bPaolo$f<1966- >$0383051 801 0$aIT$bUNINA$gREICAT$2UNIMARC 901 $aBK 912 $a990007825450403321 952 $aCollez. 684 (488)$b39586$fFSPBC 952 $a362.1068 VIG 1$b1799$fBFS 959 $aFSPBC 959 $aBFS 996 $aTecniche di management sanitario$9663185 997 $aUNINA LEADER 01166cam0-22003851i-450- 001 990007957570403321 005 20110427123541.0 010 $a88-150-9929-8 035 $a000795757 035 $aFED01000795757 035 $a(Aleph)000795757FED01 035 $a000795757 100 $a20041124d2004----km-y0itay50------ba 101 0 $aita 102 $aIT 105 $ay-------001yy 200 1 $aElezioni europee e classe politica sovranazionale , 1979-2004$fDaniele Pasquinucci e Luca Verzichelli 210 $aBologna$cil Mulino$d2004 215 $a294 p.$d21 cm 225 1 $aStoria del federalismo e dell'integrazione europea 610 0 $aParlamento europeo 610 0 $aElezioni politiche$aEuropa 676 $a342$v11 rid.$zita 676 $a324.94$v21$zita 700 1$aPasquinucci,$bDaniele$0118657 701 1$aVerzichelli,$bLuca$0124426 801 0$aIT$bUNINA$gRICA$2UNIMARC 901 $aBK 912 $a990007957570403321 952 $aIII Q 422$b44530$fFSPBC 952 $aF 398$b3486$fDSS 959 $aDSS 959 $aFSPBC 996 $aElezioni europee e classe politica sovranazionale , 1979-2004$9746807 997 $aUNINA